Leadership wisdom : (Record no. 3294)
[ view plain ]
| 000 -LEADER | |
|---|---|
| fixed length control field | 01014cam a2200181 4500 |
| 001 - CONTROL NUMBER | |
| control field | 4030 |
| 005 - DATE AND TIME OF LATEST TRANSACTION | |
| control field | 20181127172452.0 |
| 008 - FIXED-LENGTH DATA ELEMENTS--GENERAL INFORMATION | |
| fixed length control field | 020517s2003 cau 000 0 eng |
| 010 ## - LIBRARY OF CONGRESS CONTROL NUMBER | |
| LC control number | 2002007670 |
| 020 ## - INTERNATIONAL STANDARD BOOK NUMBER | |
| International Standard Book Number | 9788184950632 (tradepaper) |
| 100 1# - MAIN ENTRY--PERSONAL NAME | |
| Personal name | Sharma, Robin S. |
| Fuller form of name | (Robin Shilp), |
| Dates associated with a name | 1964- |
| 245 10 - TITLE STATEMENT | |
| Title | Leadership wisdom : |
| Remainder of title | The 8 rituals of visionary leaders / |
| Statement of responsibility, etc. | Robin Sharma. |
| 260 ## - PUBLICATION, DISTRIBUTION, ETC. | |
| Place of publication, distribution, etc. | Ahmedabad : |
| Name of publisher, distributor, etc. | Jaico Publisher House, |
| Date of publication, distribution, etc. | 2011. |
| 300 ## - PHYSICAL DESCRIPTION | |
| Extent | 254 p. ; |
| Dimensions | 22 cm. |
| 500 ## - GENERAL NOTE | |
| General note | CD Available to Accompany Text. |
| 505 0# - FORMATTED CONTENTS NOTE | |
| Formatted contents note | A wild ride to success -- A monk in my rose garden -- The miraculous transformation of a corporate warrior -- The wisdom of leadership vision -- The ritual of a compelling future focus -- The ritual of human relations -- The ritual of team unity -- The ritual of adaptability and change management -- The ritual of personal effectiveness -- The ritual of self-leadership -- The ritual of creativity and innovation -- The ritual of contribution and significance. |
| 650 #0 - SUBJECT ADDED ENTRY--TOPICAL TERM | |
| Topical term or geographic name entry element | Leadership. |
| Withdrawn status | Lost status | Source of classification or shelving scheme | Damaged status | Not for loan | Collection code | Home library | Current library | Shelving location | Date acquired | Serial Enumeration / chronology | Inventory number | Total Checkouts | Total Renewals | Full call number | Barcode | Date last seen | Date last checked out | Price effective from | Koha item type |
|---|---|---|---|---|---|---|---|---|---|---|---|---|---|---|---|---|---|---|---|
| Dewey Decimal Classification | Main TEST | RTC Library | GELEPHU | Main opac | 10/10/2022 | 6772 | 2 | 3 | 658 SHA | 30006656 | 12/12/2022 | 10/10/2022 | 27/11/2018 | Main | |||||
| Dewey Decimal Classification | Desk | RTC Library | RTC Library | Desk | 19/03/2021 | 658 SHA | 30006819 | 27/11/2018 | 27/11/2018 | Desk (DVD/CD) |